000 00478nam a2200133Ia 4500
008 260210s9999 xx 000 0 und d
024 _a00A-001-CE, 00A-022-CE, 00A-032-CE & 00A-037-CE
082 _a621.3981072 NAW
100 _aShaikh Ali Nawaz, Asad Saeed Khan, Syed Muhammad Salman & Muhammad Sohail
245 0 _aPC-CLI Based Security System
260 _aKarachi:
_bUITU,
_c2000
600 _aComputer System Engineering
650 _aBachelor of Engineering (BE)
999 _c32646
_d32646